000 00422nam a2200157Ia 4500
008 151021s9999 xx 000 0 und d
020 _a538669004
050 _aQ182.2.T47T44 1996
245 _a_Science Probe I Garry E. Sokoli
260 _aColumbus McGraw-Hill 1996
300 _axv,553p:ill
500 _aIncludes index
650 _a_science
700 _a_Susan S. Thee
980 _a^d20110119 04:21:26^oanne
999 _c6226
_d6226